000 02036nam a2200241Ia 4500
003 Ost
005 20260507075237.0
008 260507s9999||||xx |||||||||||||| ||und||
020 _a87781199579
040 _cfsecg
041 _aara
082 _a330
100 _aابو حشيش، خليل عواد
_eمؤلف
245 0 _aالمحاسبة المتقدمة /
_c خليل عواد ابو حشيش
260 _aعمان:
_bدار وائل,
_c2009
300 _a725 صفحة؛
_bإيضاحات ؛
_c24 سم
504 _aمراجع ص.724؛مصطلحات ص.721
520 _aالاطار النظري للمحاسبة عن اندماج الشركات ، القوائم المالية الموحدة بتاريخ التملك ، المحاسبة عن الاستثمارات في الشركة التابعة بعد تاريخ التملك ، القوائم المالية الموحدة بعد تاريخ التملك ، المعالجة المحاسبية للعمليات المتبادلة بين شركات المجموعة في مجال الاصول طويلة الاجل القابلة للاهلاك و غير القابلة للاهلاك و في مجال البضاعة و في مجال القروض طويلة الاجل ،المعالجة المحاسبية للعمليات الاجنبية بالعملة الاجنبية ، المعالجة المحاسبية للعمليات الاجنبية بالعملة المغطاة بعقود صرف آجلة ، المعالجة المحاسبية لعقود المضاربة بالعملات الاجنبية ، المعالجة المحاسبية لفروقات اسعارالصرف الناتجة عن استثمارات و قروض بالعملات الاجنبية ، القوائم المالية الموحدة عندما يكون للشركات القابضة شركات تابعة أو شركات زميلة أجنبية .
653 _aالمحاسبة
653 _aتدقيق الحسابات
653 _aمحاسبة الشركات
942 _cكتاب
999 _c43595
_d43595